|
|
|
|
| LEADER |
00000cam a22000004a 4500 |
| 001 |
musev2_61601 |
| 003 |
MdBmJHUP |
| 005 |
20230905050342.0 |
| 006 |
m o d |
| 007 |
cr||||||||nn|n |
| 008 |
180820s2018 nbu o 00 0 eng d |
| 020 |
|
|
|a 9781496212382
|
| 020 |
|
|
|z 9781496208873
|
| 035 |
|
|
|a (OCoLC)1049914382
|
| 040 |
|
|
|a MdBmJHUP
|c MdBmJHUP
|
| 100 |
1 |
|
|a Cook-Lynn, Elizabeth,
|e author.
|
| 245 |
1 |
0 |
|a In Defense of Loose Translations :
|b An Indian Life in an Academic World /
|c Elizabeth Cook-Lynn.
|
| 264 |
|
1 |
|a Lincoln :
|b University of Nebraska Press,
|c [2018]
|
| 264 |
|
3 |
|a Baltimore, Md. :
|b Project MUSE,
|c 2018
|
| 264 |
|
4 |
|c ©[2018]
|
| 300 |
|
|
|a 1 online resource (240 pages):
|b illustrations
|
| 336 |
|
|
|a text
|b txt
|2 rdacontent
|
| 337 |
|
|
|a computer
|b c
|2 rdamedia
|
| 338 |
|
|
|a online resource
|b cr
|2 rdacarrier
|
| 490 |
0 |
|
|a American Indian lives
|
| 520 |
|
|
|a "In Defense of Loose Translations: An Indian Life in a Mainstream Academic World is Elizabeth Cook-Lynn's memoir that bridges personal and professional experiences of the provocative, and often controversial, writer who narrates the story of her intellectual life in the field of Indian Studies"--Provided by publisher
|
| 588 |
|
|
|a Description based on print version record.
|
| 600 |
1 |
7 |
|a Cook-Lynn, Elizabeth.
|2 fast
|0 (OCoLC)fst01455455
|
| 600 |
1 |
0 |
|a Cook-Lynn, Elizabeth.
|
| 650 |
|
7 |
|a Indian college teachers.
|2 fast
|0 (OCoLC)fst01738264
|
| 650 |
|
7 |
|a Indian authors.
|2 fast
|0 (OCoLC)fst00969048
|
| 650 |
|
7 |
|a Indian activists.
|2 fast
|0 (OCoLC)fst00969014
|
| 650 |
|
7 |
|a BIOGRAPHY & AUTOBIOGRAPHY
|x Personal Memoirs.
|2 bisacsh
|
| 650 |
|
7 |
|a LITERARY CRITICISM
|x American
|x General.
|2 bisacsh
|
| 650 |
|
7 |
|a BIOGRAPHY & AUTOBIOGRAPHY
|x Literary.
|2 bisacsh
|
| 650 |
|
6 |
|a Activistes indiens d'Amerique
|v Biographies.
|
| 650 |
|
6 |
|a Écrivains indiens d'Amerique
|v Biographies.
|
| 650 |
|
0 |
|a Indian activists
|v Biography.
|
| 650 |
|
0 |
|a Indian college teachers
|v Biography.
|
| 650 |
|
0 |
|a Indian authors
|v Biography.
|
| 655 |
|
7 |
|a Autobiographies.
|2 rvmgf
|
| 655 |
|
7 |
|a Autobiographies.
|2 lcgft
|
| 655 |
|
7 |
|a Biographies.
|2 fast
|0 (OCoLC)fst01919896
|
| 655 |
|
7 |
|a Autobiographies.
|2 fast
|0 (OCoLC)fst01919894
|
| 655 |
|
2 |
|a Autobiography
|
| 655 |
|
7 |
|a Electronic books.
|2 local
|
| 710 |
2 |
|
|a Project Muse.
|e distributor
|
| 830 |
|
0 |
|a Book collections on Project MUSE.
|
| 856 |
4 |
0 |
|z Texto completo
|u https://projectmuse.uam.elogim.com/book/61601/
|
| 945 |
|
|
|a Project MUSE - Custom Collection
|
| 945 |
|
|
|a Project MUSE - 2018 Complete
|
| 945 |
|
|
|a Project MUSE - 2018 Higher Education
|
| 945 |
|
|
|a Project MUSE - 2018 Native American and Indigenous Studies
|